000 00447nam a2200181Ia 4500
001 2310
005 20260306144757.0
008 260306t2015||||xx |||||||||||||| ||spa||
041 _aESP
082 _a616.8582
_bM569
100 _aMoya Albiol, Luis
_eAUT
245 0 _aNeurocriminología:
_bpsicobiología de la violencia
260 _c2015
300 _a306 páginas :
_c24 cm.
650 _aGEN
654 _aCPS
942 _cLIB
_dJUS
_fJUS
_2ddc
_n
999 _c2310
_d2310